000 00644nam a2200217Ia 4500
005 20241129104114.0
008 241129s9999||||xx |||||||||||||| ||und||
020 _a9780190610272
037 _aTextual
040 _aRTL
_beng
_cRTL
041 _aeng
_2eng
084 _aX9:(R4) R2
_qRTL
100 _aNelson J S; Stout Lynn A
_9724794
245 0 _aBusiness ethics: With everyone needs to know
_cNelson J S; Stout Lynn A
260 _aUnited Kingdom
_bOxford University Press
_c2022
300 _axvii,513p.
365 _aINR
_b6086.5
650 _aBusiness Ethics
942 _cTB
_hX9:(R4) R2
999 _c1224448
_d1224448